|
|
|
|
| LEADER |
01233nam a2200301 a 4500 |
| 001 |
5757 |
| 003 |
BD-DhAAL |
| 005 |
20150518120217.0 |
| 008 |
150518s1993 couab b 001 0deng |
| 010 |
|
|
|a 92042922
|
| 020 |
|
|
|a 0813315298
|
| 040 |
|
|
|a DLC
|c DLC
|d DLC
|d BD-DhAAL
|
| 050 |
0 |
0 |
|a DQ161
|b .R38 1993
|
| 082 |
0 |
0 |
|a 949.4/06
|2 20
|
| 100 |
1 |
|
|a Remak, Joachim,
|d 1920-
|9 11148
|
| 245 |
1 |
2 |
|a A very civil war :
|b the Swiss Sonderbund War of 1847 /
|c Joachim Remak ; with a foreword by James M. McPherson.
|
| 260 |
|
|
|a Boulder :
|b Westview Press,
|c 1993.
|
| 300 |
|
|
|a xvi, 221 p. :
|b ill., maps, ;
|c 26 cm.
|
| 504 |
|
|
|a Includes bibliographical references (p. 205-210) and index.
|
| 541 |
|
|
|e 5757
|
| 600 |
1 |
0 |
|a Dufour, Guillaume-Henri,
|d 1787-1875
|x Military leadership.
|9 11149
|
| 651 |
|
0 |
|a Switzerland
|x History
|y Sonderbund, 1845-1847.
|9 11150
|
| 651 |
|
0 |
|a Fribourg (Switzerland : Canton)
|x History.
|9 11151
|
| 651 |
|
0 |
|a Switzerland
|x Church history
|y 19th century.
|9 11152
|
| 740 |
0 |
|
|a Swiss Sonderbund War of 1847.
|
| 942 |
|
|
|2 ddc
|c BK
|
| 999 |
|
|
|c 34445
|d 34445
|
| 952 |
|
|
|0 0
|1 0
|2 ddc
|4 0
|6 949_406000000000000_REM
|7 0
|9 53773
|a SCL
|b SCL
|c GEN
|d 2015-05-18
|e Gift: The Asia Foundation
|l 0
|o 949.406 REM
|p 3020005757
|r 2015-05-18
|t 1
|w 2015-05-18
|y BK
|